[Event "British Universities-ch"]
[Site "Chess.com INT"]
[Date "2022.03.05"]
[Round "2.4"]
[White "Mohammad, Kareemuddin"]
[Black "Alhinaai, Younis"]
[Result "1-0"]
[WhiteElo "1161"]
[BlackElo "1185"]
[PlyCount "119"]
[EventDate "2022.03.05"]
[EventType "swiss"]
[EventRounds "9"]
[EventCountry "ENG"]
[SourceTitle "EXT 2023"]
[Source "ChessBase"]
[SourceDate "2022.10.05"]
[SourceVersion "1"]
[SourceVersionDate "2022.10.05"]
[SourceQuality "1"]
[WhiteTeam "Kent II"]
[BlackTeam "Swansea"]
[WhiteTeamCountry "ENG"]
[BlackTeamCountry "WLS"]

1. d4 g6 2. Nf3 Bg7 3. Bf4 d6 4. e3 Nf6 5. Be2 b6 6. Nbd2 0-0 7. h4 Bg4 8. Ng5 Bxe2 9. Qxe2 Nh5 10. g4 Nxf4 11. exf4 e5 12. h5 exf4 13. hxg6 Qxg5 14. 0-0-0 fxg6 15. Nf3 Qa5 16. Rh4 Qxa2 17. Nd2 Qa1+ 18. Nb1 Nc6 19. Qc4+ Kh8 20. Qxc6 g5 21. Rdh1 gxh4 22. Rxh4 Bxd4 23. Qb5 Rae8 24. Qb4 Bxb2+ 25. Qxb2+ Kg8 26. Qxa1 Re1+ 27. Kd2 Rfe8 28. Qa2+ Kg7 29. Qb2+ Kg6 30. Kc3 c5 31. Nd2 d5 32. Kb3 R1e2 33. Nb1 Rxf2 34. Qc1 h6 35. Qh1 Rh8 36. Nc3 d4 37. Nd5 Re2 38. Qf1 Rhe8 39. Nxf4+ Kg5 40. Nxe2 Kxh4 41. Qf2+ Kg5 42. Qf4+ Kg6 43. Ng3 Re3+ 44. Kc4 Rc3+ 45. Kd5 Re3 46. Qf5+ Kg7 47. Nh5+ Kg8 48. Qg6+ Kf8 49. Qxh6+ Ke7 50. Qh7+ Ke8 51. Qxa7 Rc3 52. Qxb6 Rxc2 53. Qg6+ Kd7 54. Qxc2 d3 55. Qxd3 c4 56. Qe4 c3 57. Qe6+ Kd8 58. Ng7 c2 59. Kd6 c1Q 60. Qd7# 1-0